Loading...
| Literature - European | 0 | 9 | 1 | 2 | 85 | 14 | 113.11 | 1 | 1 | 0.00 | 0.00 |
| Literature - American | 0 | 6 | 0 | 1 | 60 | 64 | 118.17 | 0 | 1 | 0.00 | 0.00 |
| Literature - World | 0 | 6 | 0 | 0 | 60 | 78 | 96.00 | 1 | 1 | 0.00 | 0.00 |
| Philosophy | 0 | 5 | 0 | 0 | 50 | 71 | 104.60 | 0 | 0 | 0.00 | 0.00 |
| Literature - British | 0 | 5 | 0 | 0 | 50 | 79 | 113.80 | 0 | 0 | 0.00 | 0.00 |
| Fine Arts - Painting and Sculpture | 0 | 5 | 1 | 0 | 45 | 29 | 64.60 | 3 | 4 | 0.00 | 0.00 |
| Social Science | 0 | 5 | 2 | 0 | 40 | 70 | 86.40 | 0 | 1 | 0.00 | 0.00 |
| History - American | 0 | 4 | 1 | 1 | 35 | 117 | 122.50 | 0 | 1 | 0.00 | 0.00 |
| History - Other | 0 | 3 | 0 | 1 | 30 | 83 | 107.33 | 0 | 1 | 0.00 | 0.00 |
| History - World | 0 | 3 | 0 | 0 | 30 | 85 | 91.33 | 0 | 1 | 0.00 | 0.00 |
| History - European | 0 | 3 | 0 | 0 | 30 | 52 | 58.67 | 0 | 1 | 0.00 | 0.00 |
| Science - Physics | 0 | 3 | 0 | 1 | 30 | 90 | 102.67 | 0 | 0 | 0.00 | 0.00 |
| Fine Arts - Classical Music | 0 | 2 | 0 | 0 | 20 | 106 | 114.00 | 0 | 0 | 0.00 | 0.00 |
| Religion | 0 | 3 | 2 | 2 | 20 | 104 | 113.00 | 0 | 1 | 0.00 | 0.00 |
| Science - Chemistry | 0 | 2 | 0 | 0 | 20 | 68 | 88.50 | 0 | 0 | 0.00 | 0.00 |
| Geography | 0 | 1 | 0 | 0 | 10 | 111 | 111.00 | 0 | 0 | 0.00 | 0.00 |
| Current Events | 0 | 1 | 0 | 0 | 10 | 52 | 52.00 | 0 | 0 | 0.00 | 0.00 |
| Science - Other | 0 | 2 | 2 | 1 | 10 | 97 | 108.50 | 0 | 0 | 0.00 | 0.00 |
| Mythology | 0 | 1 | 0 | 0 | 10 | 106 | 106.00 | 0 | 0 | 0.00 | 0.00 |
| Fine Arts - Other | 0 | 2 | 2 | 0 | 10 | 100 | 101.50 | 0 | 1 | 0.00 | 0.00 |
| Popular Culture | 0 | 0 | 1 | 0 | -5 | 0.00 | 0 | 0 | 0.00 | 0.00 |